| 000 | 00348nam a22001217a 4500 | ||
|---|---|---|---|
| 999 |
_c4972 _d4972 |
||
| 008 | 250428b ||||| |||| 00| 0 eng d | ||
| 020 | _a9781837716838 | ||
| 082 | _a032 AUT | ||
| 100 |
_aDICKER,KATIE _ePUBLISHER |
||
| 245 | _aTHE TOTALLY DISGUSTING BOOKS OF GRUESOME FACTS | ||
| 260 |
_aCOTTAGE FARM NN6 0BJ,UK _bAUTUMN PUBLISHING _c2023 |
||
| 942 | _2ddc | ||